000 00648nam a2200217Ia 4500
005 20250508165016.0
008 008 250505s9999 xx 000 0 eng d
020 _a0-8039-7906-1
037 _aReference
040 _aFEDL
_beng
_cFEDL
041 _aeng
_2eng
084 _a268.03, HAR/RR
_qFEDL
100 _aCully Iris V Ed.
_9779689
245 0 _aHarper's encyclopedia of religious education
260 _aNew York, USA
_bHarper and Brothers Publishers
_c1990
300 _axxiii,717p.
546 _aMACESE
700 _a Cully Kendig Brubaker Ed.
_9779690
942 _cREF
_h268.03, HAR/RR
999 _c1392628
_d1392628